|
|
|
|
| LEADER |
00000caa a22000002c 4500 |
| 001 |
191261927X |
| 003 |
DE-627 |
| 005 |
20250125055236.0 |
| 007 |
cr uuu---uuuuu |
| 008 |
241217s2003 xx |||||o 00| ||eng c |
| 024 |
7 |
|
|a 10.1177/153244000300300405
|2 doi
|
| 035 |
|
|
|a (DE-627)191261927X
|
| 035 |
|
|
|a (DE-599)KXP191261927X
|
| 040 |
|
|
|a DE-627
|b ger
|c DE-627
|e rda
|
| 041 |
|
|
|a eng
|
| 084 |
|
|
|a 2,1
|2 ssgn
|
| 100 |
1 |
|
|a Boylan, Richard Thomas
|e VerfasserIn
|0 (DE-588)17109400X
|0 (DE-627)061259616
|0 (DE-576)131915525
|4 aut
|
| 109 |
|
|
|a Boylan, Richard Thomas
|a Boylan, Richard T.
|a Boylan, R. T.
|
| 245 |
1 |
0 |
|a Measuring public corruption in the American States: A survey of State House reporters
|
| 264 |
|
1 |
|c 2003
|
| 336 |
|
|
|a Text
|b txt
|2 rdacontent
|
| 337 |
|
|
|a Computermedien
|b c
|2 rdamedia
|
| 338 |
|
|
|a Online-Ressource
|b cr
|2 rdacarrier
|
| 700 |
1 |
|
|a Long, Cheryl X.
|e VerfasserIn
|4 aut
|
| 773 |
0 |
8 |
|i Enthalten in
|t State politics & policy quarterly
|d Cambridge : Cambridge University Press, 2001
|g 3(2003), 4, Seite 420-438
|h Online-Ressource
|w (DE-627)357866053
|w (DE-600)2095362-8
|w (DE-576)273886517
|x 1946-1607
|7 nnas
|
| 773 |
1 |
8 |
|g volume:3
|g year:2003
|g number:4
|g pages:420-438
|
| 787 |
0 |
8 |
|i Forschungsdaten
|a USA. Bureau of Justice Statistics
|t National Corrections Reporting Program, 1997
|d [Erscheinungsort nicht ermittelbar] : [Verlag nicht ermittelbar], 2000
|w (DE-627)1840053739
|
| 856 |
4 |
0 |
|u https://doi.org/10.1177/153244000300300405
|x Resolving-System
|z lizenzpflichtig
|3 Volltext
|7 1
|
| 935 |
|
|
|a mkri
|
| 951 |
|
|
|a AR
|
| ELC |
|
|
|a 1
|
| LOK |
|
|
|0 000 xxxxxcx a22 zn 4500
|
| LOK |
|
|
|0 001 4637584795
|
| LOK |
|
|
|0 003 DE-627
|
| LOK |
|
|
|0 004 191261927X
|
| LOK |
|
|
|0 005 20241217044707
|
| LOK |
|
|
|0 008 241217||||||||||||||||ger|||||||
|
| LOK |
|
|
|0 035
|a (DE-2619)ICPSR34049
|
| LOK |
|
|
|0 040
|a DE-2619
|c DE-627
|d DE-2619
|
| LOK |
|
|
|0 092
|o n
|
| LOK |
|
|
|0 852
|a DE-2619
|
| LOK |
|
|
|0 852 1
|9 00
|
| LOK |
|
|
|0 935
|a nacp
|
| LOK |
|
|
|0 939
|a 17-12-24
|b l01
|
| ORI |
|
|
|a SA-MARC-krimdoka001.raw
|